000 00521nam a22001937a 4500
003 Ost
005 20160303142209.0
008 140507b xxu||||| |||| 00| 0 eng d
020 _a9780073379692
050 _aGN 25
_b.An565 2008
245 _aAnthropology /
_cedited by Elvio Angeloni.
250 _aClassic edition.
260 _aDubuque, IA :
_bMcGraw Hill,
_c2008.
300 _axix, 251 pages ;
_c27 cm.
500 _aIncludes index.
650 _aAnthropology.
942 _2lcc
_cBK
999 _c115833
_d115833